000
00322nam a2200133Ia 4500
005
20251222155156.0
008
251222s9999||||xx |||||||||||||| ||spa||
082
_a
EDUM.51
100
_a
SANTROCK John W.
245
0
_a
Psicología de la educación
250
_a
1ra. ed.
264
_b
McGraw-Hill Interam.
942
_c
LIB
999
_c
39749
_d
39749